Sports Quiz

Random Sports Quiz

Stanley Cup Champs Quiz Stats

 Plays Quiz not verified by Sporcle

Challenge
Share
Tweet
Embed
Score 0/20 Timer 03:00
0 Plays Today
Year Winner % Correct
2008-2009Pittsburgh Penguins
99%
1991-1992Pittsburgh Penguins
99%
1990-1991Pittsburgh Penguins
99%
2007-2008Detroit Red Wings
97.3%
2001-2002Detroit Red Wings
97.3%
1997-1998Detroit Red Wings
97.3%
1996-1997Detroit Red Wings
97.3%
2002-2003New Jersey Devils
92.6%
1999-2000New Jersey Divils
92.6%
1994-1995New Jersey Devils
92.6%
Year Winner % Correct
2006-2007Anaheim Ducks
90.2%
2005-2006Carolina Hurricanes
89.9%
1998-1999Dallas Stars
89.9%
1992-1993Monteal Canadiens
88.5%
1993-1994New York Rangers
88.2%
2003-2004Tampa Bay Lightning
86.8%
1989-1990Edmonton Oilers
85.5%
2000-2001Colorado Avalanche
82.4%
1995-1996Colorado Avalanche
82.4%
1988-1989Calgary Flames
78.4%

You're not logged in!

Compare scores with friends on all Sporcle quizzes.
OR
Log In

You Might Also Like...

Show Comments

Extras

Top Quizzes Today


Score Distribution

Your Account Isn't Verified!

In order to create a playlist on Sporcle, you need to verify the email address you used during registration. Go to your Sporcle Settings to finish the process.

Report this User

Report this user for behavior that violates our Community Guidelines.

Details: